00801 2200193 4500001002100000005001500021035002000036008004100056245004400097100001900141250000600160260004600166300001200212084001400224082000800238650001000246520033900256990001200595INLIS00000000000108420240522114439 a0010-0524000319240522 1 ind 1 aThe Magic Thief; Found /cSarah Prineas aPrineas, Sarah a1 aJakarta :bPT. Bhuana Ilmu Populer,c2010 a295 hlm a813 SAR t a813 4aFiksi aSneaking out of prison isn't easy, unless you are a thief, or a wizard. Luckily, Conn is both! Trouble is, once he's out, where does he go? His home is a pile of rubble since he blew it up doing magic. His master, the wizard Nevery, is not happy with him. Worst of all, Conn's been exiled, and staying in the city will mean his death. a0744062